[Event "ZN-2017-0-03554"]
[Site "LSS email"]
[Date "2017.06.01"]
[Round "?"]
[White "Venturas, Bob"]
[Black "Markiewicz, Marcin"]
[Result "1-0"]
[WhiteElo "693"]
[BlackElo "800"]
[PlyCount "63"]
[EventDate "2017.05.21"]
[EventType "match (corr)"]
[EventRounds "2"]
[EventCountry "GER"]
[SourceTitle "Corr 2022"]
[Source "ChessBase"]
[SourceDate "2021.10.24"]
[SourceVersion "1"]
[SourceVersionDate "2021.10.24"]
[SourceQuality "1"]

1. e4 e5 2. Nf3 f6 3. h3 c5 4. a3 Nc6 5. Nc3 d5 6. Nxd5 Nge7 7. Bc4 h5 8. Nh4 Na5 9. Ba2 f5 10. d3 fxe4 11. dxe4 Be6 12. 0-0 Bxd5 13. Bxd5 g5 14. Bxg5 Rg8 15. Qxh5+ Kd7 16. Bxg8 Rc8 17. Rad1+ Kc6 18. Rxd8 Rxd8 19. Bxe7 Bxe7 20. Bd5+ Kb5 21. Qe2+ c4 22. b4 Ka4 23. Nf5 b5 24. c3 Kxa3 25. Ra1+ Kb3 26. Qa2+ Kxc3 27. Qxa5 Ra8 28. Qa3+ Kd2 29. Bxa8 Bg5 30. Qb2+ Kd3 31. Rd1+ Bd2 32. Qxd2# 1-0

[Event "LSS No Engine Cup 15 Preliminary 5"]
[Site "LSS email"]
[Date "2010.01.24"]
[Round "?"]
[White "Law, Stephen"]
[Black "Markiewicz, Marcin"]
[Result "1-0"]
[WhiteElo "1450"]
[BlackElo "623"]
[PlyCount "25"]
[EventDate "2010.01.25"]
[EventType "tourn (corr)"]
[EventRounds "6"]
[EventCountry "GER"]
[SourceTitle "Corr 2015"]
[Source "ChessBase"]
[SourceDate "2015.07.17"]
[SourceVersion "1"]
[SourceVersionDate "2015.07.17"]
[SourceQuality "1"]

1. e4 d5 2. exd5 h5 3. Nf3 e5 4. dxe6 Qe7 5. d4 Qxe6+ 6. Be2 Bb4+ 7. c3 c5 8. cxb4 Nc6 9. d5 Qd6 10. dxc6 Ke7 11. 0-0 Rh6 12. Bxh6 gxh6 13. Nc3 1-0

[Event "LSS No Engine Cup 15 Preliminary 5"]
[Site "LSS email"]
[Date "2010.01.24"]
[Round "?"]
[White "Markiewicz, Marcin"]
[Black "Cook, Nigel"]
[Result "0-1"]
[WhiteElo "623"]
[BlackElo "1140"]
[PlyCount "20"]
[EventDate "2010.01.25"]
[EventType "tourn (corr)"]
[EventRounds "6"]
[EventCountry "GER"]
[SourceTitle "Corr 2015"]
[Source "ChessBase"]
[SourceDate "2015.07.17"]
[SourceVersion "1"]
[SourceVersionDate "2015.07.17"]
[SourceQuality "1"]

1. d4 Nf6 2. Nc3 d5 3. e4 e6 4. exd5 exd5 5. Bb5+ c6 6. Qe2+ Qe7 7. Nxd5 Nxd5 8. Bg5 f6 9. c4 fxg5 10. cxd5 Qxe2+ 0-1

[Event "LSS No Engine Cup 12 Preliminary 5"]
[Site "LSS email"]
[Date "2009.12.11"]
[Round "?"]
[White "Markiewicz, Marcin"]
[Black "Bearce, Harold L"]
[Result "0-1"]
[WhiteElo "663"]
[BlackElo "650"]
[PlyCount "64"]
[EventDate "2009.12.12"]
[EventType "tourn (corr)"]
[EventRounds "6"]
[EventCountry "GER"]
[SourceTitle "Corr 2013"]
[Source "ChessBase"]
[SourceDate "2012.11.12"]
[SourceVersion "1"]
[SourceVersionDate "2012.11.12"]
[SourceQuality "1"]

1. e4 c6 2. f4 e6 3. Nf3 Bc5 4. Bc4 b5 5. b4 Nf6 6. d4 Bb6 7. d5 bxc4 8. b5 cxb5 9. dxe6 dxe6 10. Nc3 Qxd1+ 11. Kxd1 0-0 12. e5 Rd8+ 13. Bd2 Ng4 14. Nxb5 Bb7 15. Nc7 Bxc7 16. Rb1 Bxf3+ 17. gxf3 Nf2+ 18. Ke2 Nxh1 19. Rxh1 Nc6 20. Rd1 Nd4+ 21. Kf2 Nxc2 22. Rc1 Rxd2+ 23. Kg1 Ba5 24. f5 exf5 25. e6 fxe6 26. f4 Na3 27. h4 Rc8 28. h5 Rxa2 29. h6 c3 30. hxg7 Kxg7 31. Rxc3 Rxc3 32. Kf1 Rc1# 0-1

[Event "LSS No Engine Cup Gr07 prel 04 email"]
[Site "LSS email"]
[Date "2009.09.24"]
[Round "?"]
[White "Markiewicz, Marcin"]
[Black "Lingen, Rainer"]
[Result "0-1"]
[WhiteElo "800"]
[BlackElo "1685"]
[PlyCount "36"]
[EventDate "2009.09.25"]
[EventType "tourn (corr)"]
[EventRounds "6"]
[EventCountry "GER"]
[SourceTitle "Telechess CBM 137"]
[Source "ChessBase"]
[SourceDate "2010.07.15"]
[SourceVersion "1"]
[SourceVersionDate "2010.07.15"]
[SourceQuality "1"]

1. e4 e5 2. Nf3 Nc6 3. Nc3 Nf6 4. Bc4 Nxe4 5. 0-0 Nxc3 6. bxc3 d5 7. Bb3 Be7 8. Ba3 Bxa3 9. c4 Be6 10. cxd5 Bxd5 11. Ba4 Bd6 12. Rb1 0-0 13. Rxb7 Nd4 14. c3 Nxf3+ 15. gxf3 Qg5+ 16. Kh1 Qf4 17. c4 e4 18. fxe4 Qxh2# 0-1

[Event "LSS ZN-2009-0-00729"]
[Site "LSS email"]
[Date "2009.09.15"]
[Round "?"]
[White "Bester, Kazimierz"]
[Black "Markiewicz, Marcin"]
[Result "1-0"]
[WhiteElo "652"]
[BlackElo "800"]
[PlyCount "95"]
[EventDate "2009.09.09"]
[EventType "match (corr)"]
[EventRounds "2"]
[EventCountry "GER"]
[SourceTitle "Telechess CBM 137"]
[Source "ChessBase"]
[SourceDate "2010.07.15"]
[SourceVersion "1"]
[SourceVersionDate "2010.07.15"]
[SourceQuality "1"]

1. c4 e5 2. Nf3 Nc6 3. d4 Na5 4. e3 Nf6 5. dxe5 Ne4 6. Qa4 b6 7. a3 Nc5 8. Qd1 Ne4 9. Bd3 Bb7 10. b4 Nc6 11. Bxe4 d5 12. cxd5 Ne7 13. Nc3 f5 14. exf6 gxf6 15. Qa4+ b5 16. Qxb5+ c6 17. dxc6 a6 18. Qxb7 Qb8 19. Qd7+ Kf7 20. Bd5+ Kg7 21. c7 Qc8 22. Qxc8 Rxc8 23. Bb2 Rxc7 24. Ba2 Nf5 25. 0-0 h5 26. Nd5 Rc2 27. Bxf6+ Kg8 28. Ne7+ Kh7 29. Nxf5 Rg8 30. Bb1 Rc8 31. Nd6+ Rc2 32. Bxc2+ Rg6 33. Bxg6+ Kh6 34. Bxh5 Kxh5 35. Ne8 a5 36. bxa5 Bb4 37. axb4 Kg4 38. h3+ Kh5 39. g4+ Kh6 40. g5+ Kh5 41. Ng7+ Kg6 42. Ne5+ Kh7 43. f4 Kh8 44. a6 Kg8 45. a7 Kh8 46. a8Q+ Kh7 47. g6+ Kh6 48. Qh8# 1-0